|
|
|
|
| LEADER |
00958nam a2200241 a 4500 |
| 001 |
4488588 |
| 008 |
101012s2000 maua b 001 0 eng d |
| 010 |
|
|
|a 97013773
|
| 020 |
|
|
|a 9788131704127
|
| 020 |
|
|
|a 0201924803
|
| 040 |
|
|
|a DLC
|c DLC
|d DLC
|d BD-DhAAL
|
| 082 |
0 |
0 |
|a 005.8/2
|2 21
|
| 100 |
1 |
|
|a Smith, Richard E.,
|d 1952-
|
| 245 |
1 |
0 |
|a Internet cryptography /
|c Richard E. Smith.
|
| 260 |
|
|
|a Reading, Mass. :
|b Addison-Wesley ;
|a New Delhi :
|b Pearson Education,
|c c2000.
|
| 300 |
|
|
|a xx, 356 p. :
|b ill. ;
|c 24 cm.
|
| 504 |
|
|
|a Includes bibliographical references (p. 341-344) and index.
|
| 541 |
1 |
|
|e 00021160
|
| 650 |
|
0 |
|a Internet
|x Security measures.
|
| 650 |
|
0 |
|a Data encryption (Computer science)
|
| 852 |
4 |
|
|a Ayesha Abed Library
|j General Shelf.
|
| 999 |
|
|
|c 9757
|d 9757
|
| 952 |
|
|
|0 0
|1 0
|2 ddc
|4 0
|6 005_820000000000000_SMI_2000
|7 0
|9 12426
|a BRACUL
|b BRACUL
|c GEN
|d 2010-10-13
|l 5
|m 62
|o 005.82 SMI
|p 3010021160
|q 2026-01-13
|r 2025-05-23
|s 2025-05-23
|t 1
|w 2010-10-13
|y BK
|